000
00226nam a2200109Ia 4500
999
_c
7597
_d
7597
020
_a
978-0130895721
100
_a
Deitel, Deitel
245
0
_a
C How TO Program
260
_a
USA
_b
Education
_c
2001
300
_a
1253
942
_c
BK